涼宮ハルヒシリーズのタイトル - Statistics

General Stats
  • This quiz has been taken 70 times
  • The average score is 4 of 12
Answer Stats
巻数 タイトル % Correct
1 涼宮ハルヒの憂鬱
100%
4 涼宮ハルヒの消失
81%
3 涼宮ハルヒの退屈
29%
9 涼宮ハルヒの分裂
29%
5 涼宮ハルヒの暴走
27%
10 涼宮ハルヒの驚愕(前)
27%
11 涼宮ハルヒの驚愕(後)
27%
2 涼宮ハルヒの溜息
19%
12 涼宮ハルヒの直観
17%
7 涼宮ハルヒの陰謀
12%
8 涼宮ハルヒの憤慨
12%
6 涼宮ハルヒの動揺
5%
No matching quizzes found
Score Distribution
Percent of People with Each Score
Percentile by Number Answered
Your Score History
You have not taken this quiz